000 00702nam a2200241 a 4500
001 73478
003 BD-RjUL
005 20211209082412.0
008 170601s1989 caua 001 0 eng d
020 _a0078815258 :
_c$22.95
035 _a(BD-RjUL)73696
040 _aDLC
_cDLC
_dDLC
_dBD-RjUL
_beng
041 _aeng
082 0 0 _223
_a005.52
_bSHM 1989
100 1 _aSheldon, Thomas.
_9217402
245 1 0 _aMicrosoft Word :
_bsecrets, solutions, shortcuts /
_cTom Sheldon.
260 _aBerkeley :
_bOsborne McGraw-Hill,
_cc1989.
300 _axviii, 693 p. :
_bill. ;
_c24 cm.
500 _aIncludes index
650 0 _aWord processing.
_9217403
942 _2ddc
_cBK
999 _c73478
_d73478